[Event "FIDE-Wch k.o."]
[Site "Moscow"]
[Date "2001.11.27"]
[Round "1.1"]
[White "Nielsen, Peter Heine"]
[Black "Goldin, Alexander"]
[Result "1-0"]
[WhiteElo "2620"]
[BlackElo "2612"]
[Annotator "Nielsen,Peter Heine"]
[PlyCount "95"]
[EventDate "2001.11.27"]
[EventType "k.o."]
[EventRounds "7"]
[EventCountry "RUS"]
[SourceTitle "CBM 086"]
[Source "ChessBase"]
[SourceDate "2002.02.05"]
[SourceVersion "1"]
[SourceVersionDate "2002.02.05"]
[SourceQuality "1"]

1. d4 d5 2. c4 e6 3. Nf3 Nf6 4. g3 Be7 5. Bg2 O-O 6. O-O dxc4 7. Qc2 a6 8. Qxc4
b5 9. Qc2 Bb7 10. Bd2 {Clearly whites most ambitious try. Both 10 Bf4 and Bg5
gives black relatively easy equality.} Be4 11. Qc1 Bb7 {The solid way of
playing this position. Judit Polgar played 11...Nbd7 against me in Vegas WCC
1999 and soon got a better position. I was eager to improve on that game of
course.} 12. Bf4 Bd6 13. Nbd2 {13 Nc3 was the main line once, but as Kasparov
choose Nbd2 against Kramnik, everybody follows his example nowadays.} Nbd7 14.
Nb3 Bd5 {Kramniks move. Later in the tournament Svidler played Rc8 against
Gelfand and drew easily, but it cant be that simple for black.} 15. Rd1 Rc8 {
A novelty. Kramnik choose Qe7. I figured out the only way to try and punish
this, was by playing.} 16. Nc5 {Naturally I would like to occupy c5 with a
piece, but this really isn't possible, and the following structure offers some
chances for white.} Nxc5 17. dxc5 Bxf4 18. Qxf4 Qe7 19. Ne5 $2 (19. b4 {
Is better. By following with Ne5 white keeps the pressure. The knight is
threatening to go to c6, and should black play c6 himself, the d6 square
becomes inviting.}) 19... Qxc5 (19... Bxg2 20. Kxg2 Qxc5 21. Rac1 Qb6 22. Nc6 {
Is a disaster for black. White plays e4, and black is paralyzed.}) 20. Rac1 Qe7
21. Nc6 Bxc6 22. Rxc6 {Clearly better for white I thought. However black can
equalize easily. My problem is that I cant regain the pawn without letting
black loose.} Rfd8 23. Rdc1 h6 (23... Nd5 $1 24. Bxd5 Rxd5 25. Rxc7 Rxc7 26.
Rxc7 g5 $1 {Is just a clear draw. Goldin actually saw this, but tried for more.
....}) 24. a3 {Controlling b4, so Nd5 can be answered by Qe5.} e5 $2 {A
blunder. Black was still completely ok.} (24... Nd5 25. Qe5 (25. Bxd5 Rxd5 26.
Rxc7 Rxc7 27. Rxc7 Rd7 {Draws}) 25... Nb6 {Theatening Nc4} 26. Rxc7 Rxc7 27.
Rxc7 Rd1+ 28. Bf1 Nc4 29. Rxe7 Nxe5 {And black is even better.}) 25. Qf5 {
Looks dangerous, but black cant get to it. White has a huge edge now, black
cant regroup, and I can start picking pawns.} e4 26. e3 {Cutting the queens
escape route, but ist fine on f5 anyway, no reason to hide.} Re8 27. Rxa6 c5 {
I got my pawn back, and b5/c5 is weak. Some accuracy is needed though.} 28. Rb6
$2 (28. Bf1 {Wins outright. It hits b5, and the counterplay arising in the
game, becomes irrelevant.}) 28... Rcd8 {Suddenly white has to be carefull. The
queen is in serious trouble.} 29. Bf1 {Taking c5 runs into trouble due to
forks on d7.} Rd5 30. Rxf6 (30. Qf4 {Is just bad. Black plays c4, and
ultimately takes on the 2.rank.}) 30... Rxf5 (30... Red8 {Is a cool, and
strong move. Not easy to see, but with some imagination it's possible.} 31.
Rxf7 Qxf7 32. Qxf7+ Kxf7 33. Bxb5 Rd1+ 34. Rxd1 Rxd1+ 35. Kg2 {Is white's best,
forcing a draw.}) 31. Rxf5 {White has excellent practical chances, allthough
black should be able to draw.} b4 32. a4 {Keeping the pressure.} g6 33. Rfxc5
Qf6 34. b3 Qb2 35. a5 Qxb3 36. a6 Qa3 37. Rb1 Rb8 (37... b3 38. Rc3 Rb8 39. Bc4
Qd6 40. Rcxb3 (40. Bxb3 Qxa6 41. Bxf7+ Kg7 42. Rxb8 Qa1+ 43. Kg2 Qxc3 44. Bd5 {
With some chances, but probably black manages perpetual.}) 40... Rxb3 41. Rxb3
Qd1+ {Is perpetual.}) 38. Rc7 Qa5 39. Rbc1 {Not fearing b3.} Kg7 (39... b3 40.
Rb7 {Just wins}) 40. R1c5 Qa1 41. Kg2 {A difficult position, our mutual time
pressure didn't make it easier.} Rb6 42. Rb7 $2 (42. Bc4 Rf6 43. a7 {Is
instantly killing.}) 42... Rf6 {Threatening Qa2, which it took some time for
me to realize.} 43. Rc2 $1 {Refuting his gamble, the rook is now misplaced on
f6.} Qb1 44. Rd2 b3 45. a7 Qa1 46. Bc4 Qc3 47. Bxf7 {The final blow.} Rxf7 48.
Rdd7 1-0

[Event "Bundesliga 0708"]
[Site "Germany"]
[Date "2007.10.21"]
[Round "2.5"]
[White "Nyback, Tomi"]
[Black "Rozentalis, Eduardas"]
[Result "1-0"]
[WhiteElo "2579"]
[BlackElo "2567"]
[Annotator "Nyback/Meyer,CD"]
[PlyCount "93"]
[EventDate "2007.10.20"]
[EventType "team-tourn"]
[EventRounds "15"]
[EventCountry "GER"]
[SourceTitle "CBM 123"]
[Source "ChessBase"]
[SourceDate "2008.04.02"]
[SourceVersion "1"]
[SourceVersionDate "2008.04.02"]
[SourceQuality "1"]
[WhiteTeam "Werder Bremen"]
[BlackTeam "Tegernsee"]
[WhiteTeamCountry "GER"]
[BlackTeamCountry "GER"]

1. d4 Nf6 2. c4 e6 3. g3 {Evening before the game I was wondering if there's
an opening beginning with 1.d4 I haven't tried yet. Catalan is currently quite
popular, and White has sometimes even got some advantage, so why not?} d5 4.
Bg2 Be7 5. Nf3 O-O 6. O-O dxc4 7. Qc2 a6 8. Qxc4 ({At present in vogue again,
while a couple of years ago the line} 8. a4 Bd7 9. Qxc4 Bc6 10. Bg5 {was very
popular. (Z. Ribli/CBM)}) 8... b5 9. Qc2 Bb7 10. Bd2 Be4 11. Qc1 c6 {
Everything so far is normal, and has been played many times before. This move
is unusual, though a speciality of Rozentalis. 11.. Qc8 is currently the most
popular move on top level.} 12. Rd1 $1 {Considering my lack of experience in
Catalan, I had to take a look at lots of lines, not only the one my opponent
would likely play. Thus I didn't have sufficient time to find anything too
convincing against 11.. c6, and was just intending to play either 12.Nc3 or 12.
Be3, which have both been played before. On board I decided that I want to
sacrifice the pawn, and realized this might be more accurate than 12.Nc3.} Bxf3
{Principal. If Black doesn't capture the pawn, he just has an inferior version
of the normal Catalan, as he will probably lose his light-squared bishop
anyway.} 13. Bxf3 Qxd4 14. a4 $1 bxa4 ({The point is} 14... b4 15. Be3 Qe5 16.
Nd2 {intending Nc4, which wouldn't be possible with a knight on c3. Black's
position does not seem to be that bad, but White has very nice compensation
for the pawn.}) 15. Na3 $1 {White is in no hurry to capture Black's pawn on a4,
activating the pieces is more important.} Nbd7 16. Nc4 Ne5 (16... Nd5 17. Rxa4
{was probably a sounder choice for Black. White has good compensation due to
bishop pair and Black's weak pawns, but at least Black still is a pawn up.})
17. Nxe5 Qxe5 18. Bf4 Qc5 19. Qxc5 Bxc5 20. Bxc6 Rad8 21. Rxd8 Rxd8 22. Rxa4
Nd5 ({Also into question came} 22... Ng4 23. Kg2 $1 {and for example} e5 ({or} 
23... h6 24. Bb7 e5 25. Bc1 Nxf2 26. b4 Bd4 27. Rxa6 Ng4 28. b5 Rb8 29. Bc6 Bc5
30. Ba3 Bxa3 31. Rxa3 Kf8 32. h3 Nf6 33. Re3 e4 34. Ra3 $16) 24. Bg5 f6 25.
Rxg4 fxg5 26. Rxg5 Bd4 27. b3 $16 {whereafter Black has drawing chances due to
the opposite coloured bishops, but faces a long and thankless defence.}) 23.
Bxd5 Rxd5 24. Rxa6 h6 (24... g5 $143 25. Bc7 Rd2 26. Kf1 Rd1+ 27. Kg2 Rd2 28.
Ra5 Be7 29. e3) 25. Kg2 (25. g4 g5 26. Bg3 Rd2 27. Rc6 Bf8 28. Rc8 f5 29. gxf5
exf5 30. Be5 Kf7 31. e3 $14) 25... e5 26. e4 Rd1 $5 ({Maybe best was} 26... Rd3
$5 {, e.g.} 27. Bxe5 (27. Ra5 $2 exf4 28. Rxc5 f3+ 29. Kh3 Rd2 {and Black has
no problems}) 27... Rd2 28. Rc6 Rxf2+ (28... Bxf2 {may be playable as well:}
29. Kf3 Bg1 30. h4 h5 31. g4 hxg4+ 32. Kxg4 f6 33. Bc3 Rg2+ 34. Kf3 Rf2+ 35.
Kg3 Rc2) 29. Kh3 Be3 $14 {seems stronger. White's king is badly placed and
Black can create threats against the h2-pawn, e.g.} 30. b4 f6 31. Bd6 Rb2 32.
Rc7 h5 (32... Bg1 33. g4 g5) 33. g4 Rb3 34. Kh4 Bg5+ 35. Kxh5 Kh7 36. Bg3 Bf4
$1 $11) 27. Ra5 (27. Bxe5 Rd2 28. Kh3 Rxf2 29. Rc6 Be3 {transposes to the 26...
Rd3 variation above}) 27... Bxf2 ({Exchanging to a rook endgame was more
purposeful:} 27... exf4 28. Rxc5 fxg3 {and now e.g.} 29. Kxg3 (29. hxg3 Rd4 30.
Kf3 Rb4 31. Rc2 h5 32. Kf4 (32. Rd2 g5 $11) 32... f6 $11) 29... Rd4 30. f3 Rb4
31. Rc2 g5 32. h4 (32. Kg4 Kg7 33. Kf5 Rb5+ 34. Kg4 (34. e5 $2 Rb4) 34... Rb4)
32... gxh4+ 33. Kxh4 f5 34. Re2 Rb3 35. exf5 Rxf3 36. Kg4 Rb3 $14) 28. Bxe5 Rd2
$2 ({Without fail} 28... Bd4 {again forcing a rook endgame was called for.
Obviously White still has the advantage thanks to his passed knight's pawn,
but also this ending seems to have a nasty drawing tendency, e.g.} 29. Rd5 Rg1+
30. Kf3 Bxe5 31. Rxe5 Rb1 32. Rb5 g6 33. Rb6 (33. b4 Kg7 34. e5 g5 35. Ke4 (35.
Kg4 Re1) 35... Rb2) 33... Kf8 34. b4 Ke7 35. b5 Rb2 $14) 29. Bc3 $16 {Now
White's bishop will conveniently protect his pawns while Black's bishop is
doomed to passivity.} Rc2 30. Kf3 Bb6 31. Rb5 Rf2+ 32. Kg4 Be3 33. h4 Bc1 34.
Rb8+ Kh7 35. e5 Bd2 36. Bd4 $2 ({By way of exception this time forcing a rook
ending was promising for White:} 36. Bxd2 $1 Rxd2 37. b4 {, e.g.} Re2 38. Kf4
Kg6 (38... Rf2+ 39. Ke3 Rg2 40. Kf3 Rc2 41. b5 Rc3+ 42. Kg4 h5+ (42... Rc4+ 43.
Kf5 Rc5 44. b6 f6 45. Ke6 Rxe5+ 46. Kd6 $18) 43. Kf4 Kg6 44. b6 Rc4+ 45. Ke3
Kf5 (45... Rc3+ 46. Kd4 Rxg3 47. Re8 Rb3 48. Kc5 $18) 46. Rf8 $1 (46. b7 $2
Re4+ 47. Kf2 Rb4 48. e6 Kf6) 46... Rb4 47. Rxf7+ Kxe5 48. Rxg7 Rb3+ 49. Kf2
Rxb6 50. Rg5+ Ke4 51. Rxh5 $18 Rb2+ 52. Kg1 Kf3 53. Rg5) 39. b5 Rb2 (39... Rf2+
40. Ke4 Re2+ (40... Rg2 41. Rb6+ Kh5 (41... f6 42. e6) 42. Rb7) 41. Kd5 Rd2+ (
41... Kf5 42. Re8) 42. Kc5) 40. Ke4 Rb3 41. Rb6+ Kh5 42. Rb7 {and again White
is winning.}) 36... Re2 $2 ({A very easy mistake to make, unfortunately this
lets the last opportunity slip. After the tactical stroke} 36... h5+ $1 37.
Kxh5 (37. Kh3 Re2) 37... Re2 $11 {(K. Müller) a draw seems inevitable in view
of the cardinal threat Re4 plus g6#}) 37. Kf3 $18 Re1 38. h5 {Luckily White
has achieved complete domination. Black's king is trapped in the corner and
White can choose whether he wants to advance his b or e-pawn.} Bg5 (38... g6
39. e6) 39. b4 Rb1 40. b5 Rb3+ 41. Ke4 Rxg3 42. b6 Rb3 43. Rf8 f5+ 44. Rxf5 Kg8
45. Kd5 g6 46. hxg6 Kg7 47. Rf1 1-0

[Event "Biel MTO op 45th"]
[Site "Biel"]
[Date "2012.08.03"]
[Round "11"]
[White "Pelletier, Yannick"]
[Black "Prasanna Raghuram, Rao"]
[Result "1-0"]
[WhiteElo "2599"]
[BlackElo "2428"]
[Annotator "Pelletier,Y"]
[PlyCount "47"]
[EventDate "2012.07.23"]
[EventType "swiss"]
[EventRounds "11"]
[EventCountry "SUI"]
[SourceTitle "CBM 149 Extra"]
[Source "ChessBase"]
[SourceDate "2012.08.24"]
[SourceVersion "1"]
[SourceVersionDate "2012.08.24"]
[SourceQuality "1"]

1. Nf3 Nf6 2. g3 d5 3. Bg2 e6 4. O-O Be7 5. d4 O-O 6. c4 dxc4 7. Qc2 b5 {
Dieser Zug wurde nach der Einzel Europameisterschaft 2011 zur grossen Mode.} 8.
a4 {Dies ist die ruhige und wohl beste Fortsetzung.} b4 9. Nbd2 Bb7 10. Nxc4 {
Weiss hat den Bauern zurückerobert und besitzt das schöne Feld c4 mit seinem
Springer. Aber Schwarz kann sich bald mittels c7-c5 befreien, wobei die Frage
darin besteht, ob Schwarz somit voll ausgleichen kann.} Be4 11. Qb3 Nbd7 12.
Rd1 c5 13. Be3 ({Eine Neuerung im Vergleich zum ebenfalls zu leichtem Vorteil
führenden} 13. Nfe5) 13... Nd5 (13... cxd4 14. Nxd4 Bxg2 15. Kxg2 Rc8 {gleicht
nicht aus wegen} 16. Nxe6 $1 fxe6 17. Ne5 Nd5 18. Rxd5 exd5 19. Qxd5+ Kh8 20.
Nxd7 Re8 21. Rd1 {Schwarz hat Mühe, sich zu befreien}) 14. dxc5 Bxc5 $6 ({
Dieser Zug scheitert aus taktischen Gründen. Nach dem richtigen} 14... Nxc5 15.
Bxc5 Bxc5 16. Nfe5 Bxg2 17. Kxg2 {erhält Weiss einen typisch katalanischen
Minimalvorteil.}) 15. Nfe5 {Wie bald zu sehen wird, hängen einige schwarze
Figuren, während andere überlastet sind.} Bxg2 (15... Nxe5 $2 16. Bxc5 {
[%csl Re4,Re5][%cal Gc5f8] geht gar nicht.}) ({Im Fall von} 15... Bxe3 {
gewinnt Weiss mittels} 16. Nxd7 Qxd7 17. Bxe4 Bg5 18. Ne5 $16 {einen Bauern.})
16. Nxd7 Qxd7 17. Bxc5 Rfc8 18. Bd4 ({Die Fortsetzung} 18. Kxg2 Rxc5 19. e4 {
überzeugt nicht, da Schwarz nach} Qc7 20. exd5 Rxc4 21. d6 Qc5 {den weissen
Freibauern nicht zu befürchten braucht.}) ({Der Computer will sich bedienen,
und sieht Weiss nach} 18. Bxa7 Qxa7 19. Kxg2 $16 {klar im Vorteil.}) 18... Bh3
({Beide folgende Alternativen sind kaum besser:} 18... Be4 19. f3 Bg6 20. e4 {
[%cal Gd1d7]} Qc7 21. Rac1 Nc3 (21... Ne7 22. Be3 $18) 22. Bxc3 bxc3 23. Qxc3
$16) (18... Qc6 19. Ne5 Qb7 20. f3 Bh3 21. e4 Nf6 22. a5 $16) 19. e4 Ne7 ({
Danach gewinnt Weiss zwangsläufig, aber besonders schön war} 19... Qc7 20. Rac1
Ne7 21. Qe3 $16 {auch nicht.}) 20. Bxg7 $1 Qc6 21. Bf6 {Weiss nützt die
gegnerischen Grundreiheprobleme aus, um den Springer indirekt zu decken.} Qxe4
22. f3 Qxc4 ({Auf den kritischen} 22... Qb7 {muss Weiss noch genau spielen:}
23. Qe3 Nf5 (23... Rxc4 24. Qg5+ Ng6 25. Qh6 $18) 24. Qg5+ Kf8 25. Ne5 (25. Qh5
$1 {hatte ich in meinen Vorberechnungen wegen} Rxc4 26. Qxh7 Rg4 $1 {für
falsch gehalten, aber der Computer ist erbarmungslos:} 27. Rd7 $1 $18 {
zerstört die Verteidigungskoordination. Lustig ist, dass nach} Qxd7 28. fxg4 {
[%cal Gh7h8] Schwarz dem gegnerischen nackten König nicht mal ein Schach geben
kann, da das Feld d4 vom Läufer kontrolliert wird.}) 25... Rc7 26. Qh5 Qb6+ 27.
Kh1 $18 {[%cal Gh5h3,Gh5h7]}) 23. Rd8+ Rxd8 24. Qxc4 {Eine kurze aber
intensive Partie mit vielen taktischen Themen: Fesselung, Überlastung, Abzug,
Grundreihe und Zwischenzug.} 1-0

[Event "Nancy-A"]
[Site "Nancy"]
[Date "2010.02.24"]
[Round "4"]
[White "Pelletier, Yannick"]
[Black "Wirig, Anthony"]
[Result "1-0"]
[WhiteElo "2602"]
[BlackElo "2497"]
[Annotator "Pelletier,Y"]
[PlyCount "66"]
[EventDate "2010.02.22"]
[EventType "tourn"]
[EventRounds "9"]
[EventCountry "FRA"]
[EventCategory "11"]
[SourceTitle "CBM 135"]
[Source "ChessBase"]
[SourceDate "2010.03.17"]
[SourceVersion "1"]
[SourceVersionDate "2010.03.17"]
[SourceQuality "1"]

1. Nf3 Nf6 2. c4 e6 3. g3 d5 4. d4 Be7 5. Bg2 O-O 6. O-O dxc4 7. Qc2 a6 8. a4
Bd7 9. Qxc4 Bc6 10. Bf4 a5 11. Nc3 Na6 12. Ne5 Bxg2 13. Kxg2 Nd5 14. Rad1 c6 ({
Diese Spielweise wurde zuerst 2007 in der Partie Tkachiev-Pelletier erprobt!
Obwohl ich diese Partie gewann, verstand ich sofort, dass Schwarz vor
ernsthaften Problemen steht. Nach} 14... Nxf4+ 15. gxf4 {hat Weiß zwar seine
Königsstellung leicht geschwächt, dafür positionellen Druck und Raumvorteil
erhalten. Zudem kann er die g-Linie selber auch für einen Angriff nutzen.
Inzwischen wurde Tkachievs Plan von anderen großen katalanischen Experten
adoptiert.}) 15. Bc1 {Schwarz hat darauf verzichtet, den Bf4 zu nehmen. Es ist
klar, dass Weiß wegem Raumvorteil leicht besser stehen soll.} Nac7 16. e4 ({
Den logischen Zug} 16. Ne4 $5 {[%csl Gc5] zog ich auch in Betracht.}) 16... Nb4
17. Qe2 f6 {Schwarz verjagt lieber den starken Springer, bevor er f5 spielt.
Das erlaubt aber eine neue Möglichkeit.} 18. Nc4 f5 19. Bf4 $5 {Da bald eine
Stellung mit isolierten Bauern entsteht, sind Springer nicht weniger wichtig
als Läufer.} fxe4 20. Bxc7 Qxc7 21. Qxe4 Rf6 {Die schwarze Stellung ist solide.
Die Schwäche auf e6 ist gut geschützt, während beide Leichtfiguren ziemlich
aktiv sind. Ich entschied mich für einen interessanten Plan.} 22. Qe5 Qd8 ({
Nach} 22... Qxe5 23. dxe5 Rf7 24. Ne4 Nd5 25. Ned6 {[%cal Gd6b7]} Bxd6 26. exd6
{[%csl Ra5,Re6][%cal Gf1e1] behält Weiß trotz des starken Nd5 Vorteil.}) 23.
Kg1 $5 ({Im Fall von} 23. Ne4 Rg6 {erhält Schwarz die zusätzliche Ressource
Qd5.}) 23... Nd5 24. Ne4 Rg6 25. Nc5 {Sonst ist es für Weiß nicht einfach,
Fortschritte zu erzielen.} Bxc5 26. dxc5 Qh4 ({Nach} 26... Qe7 27. Qd6 ({oder} 
27. Qd4 {steht Weiß besser})) 27. Rd4 Qh3 {Schwarz plant einen Königsangriff,
der kaum realistische Chancen hat, durchzuschlagen. Weiß muss aber trotzdem
auf der Hut sein.} 28. f3 (28. Qe2 Rf8 (28... h5 $140 29. Kh1 $16) 29. f4 $16 {
war auch möglich.}) 28... Rf8 ({Auf} 28... h5 {geschieht nun} 29. Rf2 h4 30. g4
Rf8 31. Qe2 Rgf6 32. Ne5 $16 {Die beste Chance bestand aber trotzdem im
Vorstoß des h-Bauern.}) 29. Rf2 Rf5 30. Qe1 ({Solider als} 30. Qb8+ Rf8 31.
Qxb7) 30... Qh5 31. f4 Qh3 32. Re4 Rxg3+ $2 ({Verzweiflung in Zeitnot. Der
Bauer e6 ist mehr oder weniger verurteilt, aber es galt trotzdem, ihn so teuer
zu verkaufen wie möglich. Z.B.} 32... Rf8 33. Ne5 Rh6 34. Qxa5 $18) ({oder} 
32... Rh5 33. Rfe2 Rgh6 34. Ne5 $18 {und Schwarz kann seinen Angriff nicht
verstärken.}) 33. hxg3 Qxg3+ {Ohne auf 34.Rg2 zu warten, gab sich Schwarz
geschlagen.} 1-0